LEADER 02028nam0 22004213i 450 001 UBO0123661 005 20231121125851.0 100 $a20050302d1958 ||||0itac50 ba 101 | $aita 102 $ait 181 1$6z01$ai $bxxxe 182 1$6z01$an 200 1 $aTre novelle$fEduard Morike$gintroduzione e traduzione a cura di Giuseppina Saija 210 $aTorino$cUnione tipografico-editrice torinese$dstampa 1958 215 $a187 p., [1] c. di tav.$critr.$d18 cm 225 | $a˜I œgrandi scrittori stranieri$v124 300 $aContiene: Mozart in viaggio verso Praga; Lucia Gelmeroth; Il tesoro. 410 0$1001RAV0145913$12001 $a˜I œgrandi scrittori stranieri$v124 423 0$12001 $aLucia Gelmeroth$fEduard Morike$1700 1$aMörike$b, Eduard$f <1804-1875>$3RAVV033104$4070 423 0$12001 $a˜Il œtesoro.$1700 1$aMörike$b, Eduard$f <1804-1875>$3RAVV033104$4070 423 0$12001 $aMozart in viaggio verso Praga.$1700 1$aMörike$b, Eduard$f <1804-1875>$3RAVV033104$4070 676 $a833.7$9$v20 700 1$aMörike$b, Eduard$f <1804-1875>$3RAVV033104$4070$0436907 702 1$aPanzieri Saija$b, Giuseppina$3TO0V091439 790 1$aMörike$b, Eduard Friedrich$3MILV223801$zMörike, Eduard <1804-1875> 790 1$aMörike$b, Eduardo$3UFIV144638$zMörike, Eduard <1804-1875> 790 1$aSaija$b, Giuseppina$3MILV223943$zPanzieri Saija, Giuseppina 790 1$aSaija Panzieri$b, Giuseppina$3MILV223944$zPanzieri Saija, Giuseppina 790 1$aPanzieri$b, Giuseppina$3TO0V156847$zPanzieri Saija, Giuseppina 801 3$aIT$bIT-01$c20050302 850 $aIT-RM0289 $aIT-FR0017 899 $aBiblioteca Statale A. Baldini$bRM0289 899 $aBiblioteca umanistica Giorgio Aprea$bFR0017 912 $aUBO0123661 950 0$aBiblioteca umanistica Giorgio Aprea$d 52MAG 5 COLL M 124$e 52MAG0000059095 VMB RS $fA $h20130311$i20130311 977 $a 04$a 52 996 $aTre novelle$93639607 997 $aUNICAS